[Event "GRE-ch U16 Girls"]
[Site "Greece"]
[Date "2001.04.08"]
[Round "3"]
[White "Papadopoulou, Vera"]
[Black "Palamourda, T."]
[Result "1-0"]
[WhiteElo "2120"]
[BlackElo "1445"]
[PlyCount "41"]
[EventDate "2001.04.??"]
[EventType "swiss"]
[EventRounds "7"]
[EventCountry "GRE"]
[SourceTitle "EXT 2003"]
[Source "ChessBase"]
[SourceDate "2002.11.25"]
[SourceVersion "1"]
[SourceVersionDate "2002.11.25"]
[SourceQuality "1"]

1. d4 d5 2. c4 e6 3. Nc3 Nf6 4. Bg5 Nbd7 5. e3 Be7 6. Nf3 h6 7. Bh4 0-0 8. a3 b6 9. Bd3 Ba6 10. cxd5 Bxd3 11. dxe6 Bf5 12. exd7 Qxd7 13. Ne5 Qe8 14. Qf3 Bd7 15. 0-0 c6 16. Rac1 Rc8 17. h3 Rc7 18. Bg3 Bc8 19. Nb5 Qd8 20. Nxc7 Qxc7 21. Ng6 1-0